00657cam a22001937a 4500008004100000020002200041100001900063245016100082260003200243300003500275500002000310504004100330650002600371700002100397700001800418003000100436005001700437040000900454  a0080410030 (pbk.)1 aCoulson, J. M.10aCoulson & Richardson's chemical engineeringnvol. 3 :bchemical and biochemical reactors and process control /cedited By J. F. Richardson and D.G. Peacock. aOxford :bPergamon ,c1994. axvii, 776 p. :bill. ;c25cm.  aIncludes index. aIncludes bibliographical references. aChemical engineering.1 aRichardson, J.F.1 aPeacock, D.G.20230123134034.0 cNUST